00559nam a2200133 a 450000500170000000800410001705000220005810000180008024501670009825000210026526000350028665000540032165000500037520140414131852.0100806s19uu xx 00 eng d aM 646.7bJ38 2008 aJeffrie,Sally aThe girl's book of glamour :ba guide to being a goddess /cwritten by Sally Jeffrie ; illustrated by Nellie Ryan; edited by Liz Scoggins; designed by Zoe Quayle. a1st American ed. aNew York :bScholastic,c2008. aPreteensxLife skills guidesxJuvenile literature aGirlsxLife skills guidexJuvenile literature